| 000 | 00737nam a2200229 i 4500 | ||
|---|---|---|---|
| 001 | 135620 | ||
| 003 | ES-MaACL | ||
| 005 | 20230906194922.0 | ||
| 007 | t| | ||
| 008 | 070720s1983 sp ||||1| spa d | ||
| 020 | _a84-7231-850-8 | ||
| 080 | _a738(460.189) | ||
| 100 | 1 |
_aTorres, Pablo. _9110914 |
|
| 245 | 1 | 0 |
_aAlfarería de Ávila / _cPablo Torres, Carlos Laorden, José María García Merino. |
| 260 |
_aÁvila : _bObra Cultural de la Caja General de Ahorros y Monte de Piedad, _c[1983] |
||
| 300 |
_a63 p. : _bil. ; _c24 cm. |
||
| 504 | _aBibliografía: p. 63. | ||
| 650 | 4 |
_aAlfarería- _zAvila. _99719 |
|
| 700 | 1 |
_aLaorden, Carlos. _970132 |
|
| 700 | 1 |
_aGarcía Merino, José María. _954949 |
|
| 852 |
_aES-MaACL _jL-5466 |
||
| 999 |
_c135620 _d135620 |
||